[Event "Ruhrgebiet Verbandsliga Gruppe 1 1819"]
[Site "Nordrheinwestfalen"]
[Date "2019.03.10"]
[Round "7.2"]
[White "Walbaum, Klaus"]
[Black "Happel, Heiner"]
[Result "1/2-1/2"]
[WhiteElo "2106"]
[BlackElo "2220"]
[PlyCount "51"]
[EventDate "2018.09.23"]
[EventType "team-tourn"]
[EventRounds "9"]
[EventCountry "GER"]
[SourceTitle "EXT 2022"]
[Source "ChessBase"]
[SourceDate "2021.10.06"]
[SourceVersion "1"]
[SourceVersionDate "2021.10.06"]
[SourceQuality "1"]
[WhiteTeam "Holsterhausen SK"]
[BlackTeam "Hamm Koenigsspringer"]
[WhiteTeamCountry "GER"]
[BlackTeamCountry "GER"]

1. d4 Nf6 2. c4 c5 3. Nf3 cxd4 4. Nxd4 Nc6 5. Nc3 g6 6. e4 d6 7. Be2 Bg7 8. Be3 0-0 9. 0-0 Bd7 10. f3 Rc8 11. Qd2 Nxd4 12. Bxd4 Bc6 13. Rac1 a5 14. b3 Nd7 15. Be3 Nc5 16. Rfd1 Qb6 17. Nd5 Bxd5 18. cxd5 Rc7 19. Rc4 Qa7 20. Rc2 Bh6 21. Qd4 Bxe3+ 22. Qxe3 Rfc8 23. Rdc1 Qb6 24. Rc4 Qa7 25. R4c2 Qb6 26. Rc4 1/2-1/2

[Event "Ruhrgebiet Verbandsliga Gruppe 2 1718"]
[Site "Germany"]
[Date "2017.12.03"]
[Round "4.1"]
[White "Quast, Marcel"]
[Black "Walbaum, Klaus"]
[Result "1-0"]
[WhiteElo "2231"]
[BlackElo "2112"]
[PlyCount "59"]
[EventDate "2017.09.17"]
[EventType "team-tourn"]
[EventRounds "9"]
[EventCountry "GER"]
[SourceTitle "EXT 2022"]
[Source "ChessBase"]
[SourceDate "2021.10.06"]
[SourceVersion "1"]
[SourceVersionDate "2021.10.06"]
[SourceQuality "1"]
[WhiteTeam "Gerthe Werne"]
[BlackTeam "Holsterhausen SK"]
[WhiteTeamCountry "GER"]
[BlackTeamCountry "GER"]

1. e4 c5 2. c3 e6 3. Nf3 a6 4. d4 cxd4 5. cxd4 Nf6 6. e5 Nd5 7. Nc3 Nxc3 8. bxc3 d6 9. Bd3 Be7 10. 0-0 Nc6 11. Re1 dxe5 12. Nxe5 Nxe5 13. Rxe5 Bf6 14. Re3 Qa5 15. Bd2 Bd7 16. Rb1 Qc7 17. Qf3 Ra7 18. Be1 h6 19. Qe4 Kf8 20. c4 Bg5 21. Rf3 Kg8 22. Bb4 b6 23. h4 Bd8 24. Re1 f5 25. Qe2 a5 26. Ba3 Bf6 27. d5 exd5 28. Rxf5 Ra8 29. Rxf6 gxf6 30. Qh5 1-0

[Event "Ruhrgebiet Verbandsliga Gruppe 2 1718"]
[Site "Germany"]
[Date "2017.09.17"]
[Round "1.1"]
[White "Walbaum, Klaus"]
[Black "Prass, Marian"]
[Result "1-0"]
[WhiteElo "2074"]
[BlackElo "2005"]
[PlyCount "101"]
[EventDate "2017.09.17"]
[EventType "team-tourn"]
[EventRounds "9"]
[EventCountry "GER"]
[SourceTitle "EXT 2022"]
[Source "ChessBase"]
[SourceDate "2021.10.06"]
[SourceVersion "1"]
[SourceVersionDate "2021.10.06"]
[SourceQuality "1"]
[WhiteTeam "Holsterhausen SK"]
[BlackTeam "Altenessen"]
[WhiteTeamCountry "GER"]
[BlackTeamCountry "GER"]

1. Nf3 d5 2. g3 Nf6 3. Bg2 c6 4. 0-0 g6 5. d3 Bg7 6. Nbd2 0-0 7. c3 Nbd7 8. Qc2 e5 9. e4 Re8 10. Re1 a5 11. a4 Qc7 12. h3 b6 13. d4 dxe4 14. Nxe4 Nxe4 15. Rxe4 Bb7 16. dxe5 Nxe5 17. Bf4 Nxf3+ 18. Bxf3 Qd7 19. Rae1 Rxe4 20. Qxe4 Rd8 21. Qe7 Bf8 22. Qxd7 Rxd7 23. Re8 Kg7 24. Be5+ f6 25. Bxf6+ Kxf6 26. Rxf8+ Ke7 27. Rb8 Kd6 28. Kg2 Kc7 29. Rf8 b5 30. Rf4 Kb6 31. g4 Rd2 32. axb5 Rxb2 33. bxc6 Ba6 34. Rf8 Rc2 35. Rb8+ Ka7 36. Rb3 a4 37. Ra3 Kb6 38. Rxa4 Rxc3 39. Rb4+ Kc7 40. Rf4 Bc4 41. g5 Be6 42. h4 Bf5 43. Ra4 Kd6 44. Ra7 Bh3+ 45. Kxh3 Rxf3+ 46. Kg2 Rc3 47. Rxh7 Ke6 48. c7 Rc2 49. Kg3 Rc3+ 50. f3 Rc4 51. Rg7 1-0

[Event "Ruhrgebiet Verbandsliga Gruppe 1 1516"]
[Site "Germany"]
[Date "2016.03.20"]
[Round "8.2"]
[White "Walbaum, Klaus"]
[Black "Renk, Christoph"]
[Result "1-0"]
[WhiteElo "2076"]
[BlackElo "1965"]
[PlyCount "87"]
[EventDate "2015.09.06"]
[EventType "team-tourn"]
[EventRounds "9"]
[EventCountry "GER"]
[SourceTitle "EXT 2022"]
[Source "ChessBase"]
[SourceDate "2021.10.06"]
[SourceVersion "1"]
[SourceVersionDate "2021.10.06"]
[SourceQuality "1"]
[WhiteTeam "Holsterhausen SK"]
[BlackTeam "Buer SF"]
[WhiteTeamCountry "GER"]
[BlackTeamCountry "GER"]

1. Nf3 Nf6 2. g3 g6 3. Bg2 Bg7 4. 0-0 0-0 5. c4 c6 6. d3 d5 7. Nbd2 Nbd7 8. Rb1 a5 9. Qc2 e5 10. e3 Re8 11. b3 Qe7 12. a3 Nc5 13. cxd5 Nxd5 14. e4 Nc7 15. Nc4 Rd8 16. Nb6 Ra6 17. Be3 N5e6 18. a4 Bd7 19. Nxd7 Rxd7 20. Rfd1 c5 21. Rbc1 Rb6 22. Bd2 Ra6 23. Bc3 f6 24. Qb2 Ra8 25. Bf1 b5 26. Bd2 Rb8 27. Qc2 bxa4 28. bxa4 Na6 29. Bxa5 Nb4 30. Qc4 Kh8 31. Bh3 Nd4 32. Nxd4 Rxd4 33. Qxc5 Qxc5 34. Rxc5 Bf8 35. Rb5 Ra8 36. Bb6 Rxd3 37. Rxd3 Nxd3 38. a5 Nb4 39. Be6 Kg7 40. Kg2 Be7 41. f4 Bd6 42. Bd5 Nxd5 43. Rxd5 Bb8 44. Rd8 1-0

[Event "Ruhrgebiet Verbandsliga Gruppe 1 1516"]
[Site "Germany"]
[Date "2015.12.20"]
[Round "5.2"]
[White "Happel, Heiner"]
[Black "Walbaum, Klaus"]
[Result "1/2-1/2"]
[WhiteElo "2151"]
[BlackElo "2059"]
[PlyCount "42"]
[EventDate "2015.09.06"]
[EventType "team-tourn"]
[EventRounds "9"]
[EventCountry "GER"]
[SourceTitle "EXT 2022"]
[Source "ChessBase"]
[SourceDate "2021.10.06"]
[SourceVersion "1"]
[SourceVersionDate "2021.10.06"]
[SourceQuality "1"]
[WhiteTeam "Hamm Koenigsspringer"]
[BlackTeam "Holsterhausen SK"]
[WhiteTeamCountry "GER"]
[BlackTeamCountry "GER"]

1. d4 Nf6 2. c4 c6 3. Nf3 d6 4. Nc3 Nbd7 5. e4 e5 6. Be2 Be7 7. d5 0-0 8. 0-0 a6 9. b4 cxd5 10. cxd5 b6 11. Be3 Bb7 12. Nd2 Qb8 13. Nc4 Rc8 14. Qd2 Bd8 15. Rfc1 b5 16. Na5 Bb6 17. Bxb6 Nxb6 18. Qe3 Nbd7 19. a4 bxa4 20. Nxa4 Rxc1+ 21. Rxc1 Bxd5 1/2-1/2

[Event "Ruhrgebiet Regionalliga 1415"]
[Site "Germany"]
[Date "2014.12.21"]
[Round "4.4"]
[White "Kiese, Matthias"]
[Black "Walbaum, Klaus"]
[Result "1-0"]
[WhiteElo "2098"]
[BlackElo "2107"]
[PlyCount "93"]
[EventDate "2014.09.28"]
[EventType "team-tourn"]
[EventRounds "9"]
[EventCountry "GER"]
[SourceTitle "EXT 2022"]
[Source "ChessBase"]
[SourceDate "2021.10.06"]
[SourceVersion "1"]
[SourceVersionDate "2021.10.06"]
[SourceQuality "1"]
[WhiteTeam "Bochum SV II"]
[BlackTeam "Holsterhausen SK"]
[WhiteTeamCountry "GER"]
[BlackTeamCountry "GER"]

1. d4 Nf6 2. Nf3 g6 3. Bf4 Bg7 4. e3 d6 5. Be2 0-0 6. 0-0 Nh5 7. Bg5 f5 8. Nfd2 Nf6 9. c4 Nc6 10. Nc3 e5 11. d5 Ne7 12. f3 h6 13. Bh4 c6 14. Qb3 Kh7 15. Rad1 g5 16. Bf2 c5 17. Qc2 Bd7 18. Rb1 b5 19. Nxb5 Bxb5 20. cxb5 Nfxd5 21. Rbd1 Qc7 22. g4 Kh8 23. gxf5 Nxf5 24. Qe4 Nde7 25. Bc4 Rad8 26. Nb1 d5 27. Bxd5 Nd4 28. exd4 Rf4 29. Qe2 Rxd5 30. dxc5 Rxd1 31. Rxd1 Nf5 32. Nc3 Nd4 33. Bxd4 exd4 34. Ne4 Qe5 35. Re1 g4 36. fxg4 d3 37. Qxd3 Rxg4+ 38. Kh1 Qxb2 39. Ng3 Be5 40. Qe2 Qxe2 41. Rxe2 Bd4 42. Re4 Rxe4 43. Nxe4 Kg7 44. a4 Kf7 45. a5 Ke6 46. a6 Kd5 47. b6 1-0

[Event "NRW Class2 1314"]
[Site "Germany"]
[Date "2014.04.06"]
[Round "8.3"]
[White "Oswald, Hans Joachim"]
[Black "Walbaum, Klaus"]
[Result "1/2-1/2"]
[WhiteElo "2190"]
[BlackElo "2144"]
[PlyCount "70"]
[EventDate "2013.09.15"]
[EventType "team-tourn"]
[EventRounds "9"]
[EventCountry "GER"]
[SourceTitle "EXT 2015"]
[Source "ChessBase"]
[SourceDate "2014.11.20"]
[SourceVersion "1"]
[SourceVersionDate "2014.11.20"]
[SourceQuality "1"]
[WhiteTeam "Letmathe"]
[BlackTeam "Holsterhausen"]
[WhiteTeamCountry "GER"]
[BlackTeamCountry "GER"]

1. Nf3 Nf6 2. c4 c5 3. g3 b6 4. Bg2 Bb7 5. 0-0 e6 6. Nc3 Be7 7. Re1 0-0 8. e4 d6 9. d4 cxd4 10. Nxd4 Qc8 11. Be3 Nc6 12. b3 Rd8 13. Rc1 Nxd4 14. Bxd4 Nd7 15. h3 h6 16. Kh2 a6 17. Re2 Qc7 18. Rd2 Rac8 19. Rcc2 Qb8 20. Qe2 Bf8 21. f4 Re8 22. Qg4 Rcd8 23. f5 Ne5 24. Qd1 exf5 25. exf5 Bxg2 26. Rxg2 b5 27. cxb5 axb5 28. Nd5 Qb7 29. Be3 Rc8 30. g4 Rxc2 31. Rxc2 Rc8 32. Rxc8 Qxc8 33. f6 Qa8 34. a4 bxa4 35. bxa4 Qa6 1/2-1/2

[Event "Ruhrgebiet Regionalliga 1213"]
[Site "Nordrheinwestfalen"]
[Date "2013.05.05"]
[Round "9.2"]
[White "Frombach, Ralf"]
[Black "Walbaum, Klaus"]
[Result "1/2-1/2"]
[WhiteElo "2143"]
[BlackElo "2132"]
[PlyCount "116"]
[EventDate "2012.09.09"]
[EventType "team-tourn"]
[EventRounds "9"]
[EventCountry "GER"]
[SourceTitle "EXT 2020"]
[Source "ChessBase"]
[SourceDate "2019.10.17"]
[SourceVersion "1"]
[SourceVersionDate "2019.10.17"]
[SourceQuality "1"]
[WhiteTeam "Koenigsspringer Hamm"]
[BlackTeam "Holsterhausen SK"]
[WhiteTeamCountry "GER"]
[BlackTeamCountry "GER"]

1. d4 Nf6 2. c4 e6 3. Nf3 d5 4. Nc3 c5 5. cxd5 exd5 6. Bg5 Be7 7. dxc5 0-0 8. a3 Be6 9. b4 a5 10. Na4 Nbd7 11. Rb1 axb4 12. axb4 h6 13. Be3 Ne4 14. Bd4 Bf5 15. Rb2 Re8 16. e3 g5 17. Bb5 Rf8 18. 0-0 g4 19. Nd2 Ng5 20. f4 Ne6 21. Bxd7 Nxd4 22. Bxf5 Nxf5 23. Qxg4+ Kh8 24. Qxf5 Rxa4 25. Rf3 Bf6 26. Rh3 Bg7 27. Rb1 Qe7 28. e4 Rxb4 29. Rxb4 Qxc5+ 30. Kf1 Qxb4 31. Qxd5 f5 32. Rb3 Qa4 33. g3 fxe4 34. Nxe4 Re8 35. Re3 b5 36. Nf6 Rf8 37. Nh5 Bd4 38. Re6 Qc4+ 39. Qxc4 bxc4 40. Rxh6+ Kg8 41. Rc6 c3 42. Ke2 Rd8 43. Nf6+ Bxf6 44. Rxf6 Rd2+ 45. Kf3 Rxh2 46. Rc6 c2 47. g4 Kf7 48. Ke4 Ke7 49. Kf5 Rd2 50. Rc3 Kd6 51. g5 Rd5+ 52. Kf6 Rc5 53. Rxc2 Rxc2 54. f5 Kd5 55. g6 Rc6+ 56. Ke7 Ke5 57. f6 Rc7+ 58. Kd8 Kxf6 1/2-1/2

[Event "Ruhrgebiet Regionalliga 1213"]
[Site "Nordrheinwestfalen"]
[Date "2013.04.14"]
[Round "8.3"]
[White "Steinle, Carsten"]
[Black "Walbaum, Klaus"]
[Result "1-0"]
[WhiteElo "2159"]
[BlackElo "2132"]
[PlyCount "71"]
[EventDate "2012.09.09"]
[EventType "team-tourn"]
[EventRounds "9"]
[EventCountry "GER"]
[SourceTitle "EXT 2020"]
[Source "ChessBase"]
[SourceDate "2019.10.17"]
[SourceVersion "1"]
[SourceVersionDate "2019.10.17"]
[SourceQuality "1"]
[WhiteTeam "Ahlen SV"]
[BlackTeam "Holsterhausen SK"]
[WhiteTeamCountry "GER"]
[BlackTeamCountry "GER"]

1. d4 Nf6 2. Bf4 e6 3. e3 c5 4. Nc3 a6 5. Nf3 d5 6. Be2 Nc6 7. 0-0 Be7 8. Ne5 0-0 9. Bf3 cxd4 10. exd4 Qb6 11. Na4 Qd8 12. Re1 Nxe5 13. dxe5 Nd7 14. c4 dxc4 15. Qc2 Rb8 16. Nc3 Nc5 17. Red1 Qc7 18. Ne4 Nxe4 19. Bxe4 g6 20. b3 b5 21. bxc4 b4 22. Rac1 Bc5 23. Rd2 Bb7 24. Rcd1 a5 25. Rd7 Qb6 26. R1d2 Bc8 27. R7d3 Ba6 28. Rd7 Rbc8 29. Qd1 Rfe8 30. Bg5 Rc7 31. Qf3 Rxd7 32. Rxd7 Rf8 33. Bh6 f5 34. Bxf8 Bxf8 35. Bxf5 Bc8 36. Bxg6 1-0

[Event "Ruhrgebiet Regionalliga 1112"]
[Site "Nordrheinwestfalen"]
[Date "2012.01.15"]
[Round "6.4"]
[White "Schaller, Torsten"]
[Black "Walbaum, Klaus"]
[Result "0-1"]
[WhiteElo "2002"]
[BlackElo "2104"]
[PlyCount "70"]
[EventDate "2011.09.25"]
[EventType "team-tourn"]
[EventRounds "9"]
[EventCountry "GER"]
[SourceTitle "EXT 2020"]
[Source "ChessBase"]
[SourceDate "2019.10.17"]
[SourceVersion "1"]
[SourceVersionDate "2019.10.17"]
[SourceQuality "1"]
[WhiteTeam "Welper SV"]
[BlackTeam "Holsterhausen SK"]
[WhiteTeamCountry "GER"]
[BlackTeamCountry "GER"]

1. e4 c5 2. Nf3 Nc6 3. Bb5 g6 4. Bxc6 bxc6 5. 0-0 Bg7 6. d3 d6 7. c3 Nf6 8. h3 0-0 9. Be3 Qc7 10. Na3 Rb8 11. Qd2 Re8 12. Nh4 e5 13. f4 exf4 14. Bxf4 Be6 15. Nf3 Nd7 16. d4 cxd4 17. cxd4 f5 18. exf5 gxf5 19. Kh1 Nf6 20. Ng5 Bd5 21. Rac1 h6 22. Nf3 Ne4 23. Qc2 Bxa2 24. Qxc6 Qxc6 25. Rxc6 Rxb2 26. Nc4 Rc2 27. Na5 Rxc6 28. Nxc6 a6 29. Nh4 Be6 30. Ra1 Bf6 31. Nf3 Ra8 32. Bxh6 Bd5 33. Nb4 Bb7 34. Ra5 Bd8 35. Rxf5 Ng3+ 0-1

[Event "Ruhrgebiet Regionalliga 1112"]
[Site "Nordrheinwestfalen"]
[Date "2011.10.23"]
[Round "2.3"]
[White "Walbaum, Klaus"]
[Black "De Vreugt, Dennis"]
[Result "1/2-1/2"]
[WhiteElo "2104"]
[BlackElo "2369"]
[PlyCount "98"]
[EventDate "2011.09.25"]
[EventType "team-tourn"]
[EventRounds "9"]
[EventCountry "GER"]
[SourceTitle "EXT 2020"]
[Source "ChessBase"]
[SourceDate "2019.10.17"]
[SourceVersion "1"]
[SourceVersionDate "2019.10.17"]
[SourceQuality "1"]
[WhiteTeam "Holsterhausen SK"]
[BlackTeam "Hattingen"]
[WhiteTeamCountry "GER"]
[BlackTeamCountry "GER"]

1. d4 Nf6 2. Nf3 e6 3. g3 c5 4. Bg2 Qa5+ 5. c3 cxd4 6. Nxd4 d5 7. 0-0 Nc6 8. Nxc6 bxc6 9. c4 Be7 10. cxd5 cxd5 11. Nc3 0-0 12. Bd2 Qb6 13. Rb1 Bb7 14. Be3 Qb4 15. Qa4 a5 16. a3 Qd6 17. Rfc1 Bc6 18. Qd1 a4 19. Ne4 Nxe4 20. Bxe4 Rfc8 21. Bc5 Qd7 22. Bxe7 Qxe7 23. Bf3 g6 24. Qd4 Rab8 25. Rc3 e5 26. Qd2 Qe6 27. Rbc1 e4 28. Bg2 Bb5 29. Rxc8+ Rxc8 30. Rxc8+ Qxc8 31. e3 Bd3 32. h4 Qc4 33. Bh3 Be2 34. Bg2 Qd3 35. Qc1 Kg7 36. Bh3 h6 37. Bd7 Bd1 38. Bh3 Bb3 39. Bf1 Qc2 40. Qxc2 Bxc2 41. Bb5 f5 42. Kf1 Kf6 43. Ke1 g5 44. hxg5+ hxg5 45. Kd2 Bb3 46. Kc3 Ke5 47. Be8 f4 48. gxf4+ gxf4 49. Bh5 f3 1/2-1/2

[Event "Ruhrgebiet Regionalliga 1011"]
[Site "Nordrheinwestfalen"]
[Date "2011.01.23"]
[Round "5.3"]
[White "Himmel, Hansjoerg"]
[Black "Walbaum, Klaus"]
[Result "1-0"]
[WhiteElo "2123"]
[BlackElo "2140"]
[PlyCount "43"]
[EventDate "2010.09.19"]
[EventType "team-tourn"]
[EventRounds "9"]
[EventCountry "GER"]
[SourceTitle "EXT 2020"]
[Source "ChessBase"]
[SourceDate "2019.10.17"]
[SourceVersion "1"]
[SourceVersionDate "2019.10.17"]
[SourceQuality "1"]
[WhiteTeam "Kamen SV"]
[BlackTeam "Essen Ueberruhr"]
[WhiteTeamCountry "GER"]
[BlackTeamCountry "GER"]

1. e4 c5 2. Nf3 e6 3. d4 cxd4 4. Nxd4 a6 5. Nc3 Qc7 6. Be2 d6 7. 0-0 Nf6 8. f4 Be7 9. Be3 b5 10. Bf3 Bb7 11. e5 dxe5 12. Bxb7 Qxb7 13. fxe5 Nfd7 14. Qg4 g5 15. Rxf7 Nxe5 16. Rxe7+ Qxe7 17. Qe4 Nbc6 18. Nxc6 Nxc6 19. Qxc6+ Kf7 20. Rf1+ Kg7 21. Bd4+ e5 22. Nd5 1-0

[Event "Ruhrgebiet Regionalliga 1011"]
[Site "Nordrheinwestfalen"]
[Date "2010.11.21"]
[Round "3.3"]
[White "Dewenter, Ulf"]
[Black "Walbaum, Klaus"]
[Result "0-1"]
[WhiteElo "2101"]
[BlackElo "2140"]
[PlyCount "130"]
[EventDate "2010.09.19"]
[EventType "team-tourn"]
[EventRounds "9"]
[EventCountry "GER"]
[SourceTitle "EXT 2020"]
[Source "ChessBase"]
[SourceDate "2019.10.17"]
[SourceVersion "1"]
[SourceVersionDate "2019.10.17"]
[SourceQuality "1"]
[WhiteTeam "Weisse Dame Borbeck"]
[BlackTeam "Essen Ueberruhr"]
[WhiteTeamCountry "GER"]
[BlackTeamCountry "GER"]

1. f4 e6 2. Nf3 c5 3. e3 Nf6 4. d4 Qc7 5. c3 a6 6. Bd3 d6 7. 0-0 Nbd7 8. e4 Be7 9. Nbd2 b6 10. e5 Nd5 11. Ne4 g6 12. a3 b5 13. Nfg5 h6 14. exd6 Bxd6 15. Nxd6+ Qxd6 16. Ne4 Qc7 17. c4 bxc4 18. Bxc4 N5f6 19. Nxf6+ Nxf6 20. d5 exd5 21. Bxd5 Nxd5 22. Qxd5 Bb7 23. Re1+ Kf8 24. Qe5 Qxe5 25. Rxe5 Re8 26. Be3 Rxe5 27. fxe5 Ke7 28. Bxc5+ Ke6 29. Rf1 Rc8 30. b4 Rc7 31. Re1 Rd7 32. Bd6 h5 33. Rf1 Bc6 34. g3 Bb5 35. Rf6+ Kd5 36. Kf2 Bd3 37. Ke3 Bf5 38. Kf4 Be6 39. h4 Rd8 40. a4 Rc8 41. a5 Rc3 42. Kg5 Rxg3+ 43. Kh6 Rg4 44. Rf1 Rxh4 45. Rc1 Rg4 46. Rc5+ Kd4 47. b5 axb5 48. Rxb5 Kd3 49. Be7 Ra4 50. Kg5 h4 51. Bd8 h3 52. Rb2 Rg4+ 53. Kf6 Rg2 54. Rxg2 hxg2 55. Bb6 Ke4 56. a6 Kf4 57. a7 Bd5 58. Bg1 g5 59. Bh2+ Kg4 60. a8Q Bxa8 61. Kxf7 Kf3 62. Kf6 g4 63. Kg5 Bd5 64. Kh4 Be6 65. Bg1 Ke2 0-1

[Event "Ruhrgebiet Regionalliga 1011"]
[Site "Nordrheinwestfalen"]
[Date "2010.09.19"]
[Round "1.4"]
[White "Walbaum, Klaus"]
[Black "Wagner, Norbert"]
[Result "1/2-1/2"]
[WhiteElo "2140"]
[BlackElo "2096"]
[PlyCount "195"]
[EventDate "2010.09.19"]
[EventType "team-tourn"]
[EventRounds "9"]
[EventCountry "GER"]
[SourceTitle "EXT 2020"]
[Source "ChessBase"]
[SourceDate "2019.10.17"]
[SourceVersion "1"]
[SourceVersionDate "2019.10.17"]
[SourceQuality "1"]
[WhiteTeam "Essen Ueberruhr"]
[BlackTeam "Koenigsspringer Hamm"]
[WhiteTeamCountry "GER"]
[BlackTeamCountry "GER"]

1. d4 c6 2. Nf3 f5 3. g3 d6 4. Bg2 g6 5. c4 Bg7 6. Nc3 Nh6 7. h4 Nf7 8. h5 e5 9. dxe5 dxe5 10. Qxd8+ Kxd8 11. Bg5+ Nxg5 12. Nxg5 Ke7 13. hxg6 hxg6 14. Rxh8 Bxh8 15. e4 Bf6 16. Nf3 Be6 17. b3 Nd7 18. 0-0-0 Rh8 19. Rh1 Rxh1+ 20. Bxh1 f4 21. Ne1 g5 22. Ne2 Bh3 23. Nd3 Nf8 24. Kd2 Ng6 25. f3 b6 26. g4 Bf1 27. Ke1 Bxe2 28. Kxe2 Ke6 29. Bg2 Be7 30. Bf1 Bc5 31. Kd2 Nh4 32. Be2 Ng2 33. Bf1 Ne3 34. Be2 Ba3 35. Kc3 a5 36. Kd2 Bb4+ 37. Kc1 Ba3+ 38. Kd2 Bb4+ 39. Kc1 Bc3 40. Nf2 Bd4 41. Nd3 Kd6 42. Kd2 a4 43. Ne1 Bc5 44. Nd3 Bd4 45. Ne1 axb3 46. axb3 c5 47. Nd3 Ng2 48. Kc2 Nh4 49. Kb1 Ng6 50. Ka2 Ne7 51. Bd1 Nc6 52. Ka3 Bc3 53. Nf2 Bb4+ 54. Ka4 Nd4 55. Nd3 Nc6 56. Kb5 Kc7 57. Ka6 Bc3 58. Nf2 Nb4+ 59. Kb5 Be1 60. Nh3 Bh4 61. Ng1 Bf2 62. Nh3 Bh4 63. Ng1 Kb7 64. Ka4 Ka6 65. Ka3 Ka5 66. Kb2 Nc6 67. Ne2 Be1 68. Nc1 Nb4 69. Be2 Bf2 70. Nd3 Bd4+ 71. Kb1 Nc6 72. Bd1 Bc3 73. Kc2 Bb4 74. Nf2 Ka6 75. Nh3 Nd4+ 76. Kb2 Ne6 77. Nf2 Nd8 78. Nd3 Nf7 79. Be2 Kb7 80. Kc2 Kc6 81. Kb2 Kd6 82. Kc2 Nd8 83. Bd1 Nc6 84. Kb2 Nd4 85. Nf2 Ke6 86. Nd3 Bd2 87. Nf2 Be3 88. Nd3 Kd6 89. Kc3 b5 90. b4 cxb4+ 91. Nxb4 bxc4 92. Kxc4 Bd2 93. Nd3 Be3 94. Nb4 Ne6 95. Nd3 Bd4 96. Ba4 Be3 97. Bd1 Nd4 98. Nb4 1/2-1/2

[Event "Ruhrgebiet Regionalliga 0910"]
[Site "Germany"]
[Date "2010.02.07"]
[Round "6.3"]
[White "Walbaum, Klaus"]
[Black "Prueske, Wolfgang"]
[Result "1/2-1/2"]
[WhiteElo "2202"]
[BlackElo "2086"]
[PlyCount "35"]
[EventDate "2009.09.06"]
[EventType "team-tourn"]
[EventRounds "9"]
[EventCountry "GER"]
[SourceTitle "EXT 2011"]
[Source "ChessBase"]
[SourceDate "2010.11.26"]
[SourceVersion "1"]
[SourceVersionDate "2010.11.26"]
[SourceQuality "1"]
[WhiteTeam "Essen Ueberruhr"]
[BlackTeam "Dortmund Hansa III"]
[WhiteTeamCountry "GER"]
[BlackTeamCountry "GER"]

1. d4 d5 2. Nf3 Nc6 3. c4 Bg4 4. cxd5 Bxf3 5. gxf3 Qxd5 6. e3 e5 7. Nc3 Bb4 8. Bd2 Bxc3 9. bxc3 Nf6 10. Rb1 exd4 11. cxd4 0-0 12. Bg2 Qxa2 13. Rxb7 Nxd4 14. 0-0 Rad8 15. exd4 Rxd4 16. Rxc7 Rxd2 17. Rxa7 Rxd1 18. Rxa2 1/2-1/2

[Event "Ruhrgebiet Regionalliga 0708"]
[Site "Germany"]
[Date "2007.11.25"]
[Round "3.3"]
[White "Georg, Heinz"]
[Black "Walbaum, Klaus"]
[Result "1-0"]
[WhiteElo "2230"]
[BlackElo "2152"]
[PlyCount "69"]
[EventDate "2007.09.16"]
[EventType "team"]
[EventRounds "9"]
[EventCountry "GER"]
[SourceTitle "EXT 2009"]
[Source "ChessBase"]
[SourceDate "2008.11.26"]
[SourceVersion "1"]
[SourceVersionDate "2008.11.26"]
[SourceQuality "1"]
[WhiteTeam "Kamen"]
[BlackTeam "Uberruhr"]
[WhiteTeamCountry "GER"]
[BlackTeamCountry "GER"]

1. e4 c5 2. Nf3 g6 3. d4 cxd4 4. Qxd4 Nf6 5. e5 Nc6 6. Qf4 Ng8 7. Bc4 f6 8. Bxg8 Rxg8 9. exf6 exf6 10. 0-0 Kf7 11. Nc3 d5 12. Rd1 g5 13. Qd2 g4 14. Nh4 d4 15. Ne2 f5 16. g3 Be7 17. Qh6 Bxh4 18. Qh5+ Kg7 19. Bh6+ Kh8 20. gxh4 Qe8 21. Qxe8 Rxe8 22. Nxd4 Nxd4 23. Rxd4 Be6 24. c4 Rad8 25. Rad1 Rxd4 26. Rxd4 Kg8 27. b3 Re7 28. Rd8+ Kf7 29. Rb8 Rd7 30. Kg2 Kg6 31. Be3 a6 32. Kg3 f4+ 33. Kxf4 Rf7+ 34. Ke5 Bf5 35. Rg8+ 1-0

[Event "Ruhrgebiet Regionalliga 0405"]
[Site "Ruhrgebiet"]
[Date "2005.02.27"]
[Round "7.4"]
[White "Walbaum, Klaus"]
[Black "Becker, Joerg"]
[Result "1/2-1/2"]
[WhiteElo "2152"]
[BlackElo "2177"]
[PlyCount "120"]
[EventDate "2004.09.19"]
[EventType "team"]
[EventRounds "9"]
[EventCountry "GER"]
[SourceTitle "EXT 2006"]
[Source "ChessBase"]
[SourceDate "2005.11.24"]
[SourceVersion "1"]
[SourceVersionDate "2005.11.24"]
[SourceQuality "1"]
[WhiteTeam "Essen Ueberruhr"]
[BlackTeam "Herne Sodingen"]
[WhiteTeamCountry "GER"]
[BlackTeamCountry "GER"]

1. d4 Nf6 2. c4 e6 3. Nf3 b6 4. g3 Bb7 5. Bg2 Be7 6. 0-0 0-0 7. b3 d6 8. Bb2 Nbd7 9. Nc3 Ne4 10. Ne1 Nxc3 11. Bxc3 Bxg2 12. Kxg2 Bf6 13. Rc1 e5 14. Nc2 exd4 15. Nxd4 Bxd4 16. Qxd4 f6 17. Rfe1 a5 18. Qd5+ Kh8 19. Bd4 Re8 20. f4 Nc5 21. Bxc5 dxc5 22. Qxd8 Raxd8 23. Rcd1 Kg8 24. Kf3 f5 25. h3 h5 26. a4 Kf7 27. Rxd8 Rxd8 28. e4 g6 29. Re3 fxe4+ 30. Kxe4 Kf6 31. Rd3 Re8+ 32. Kf3 Re1 33. g4 Rf1+ 34. Ke4 Ke6 35. Rf3 Re1+ 36. Re3 Rf1 37. gxh5 gxh5 38. Rg3 Re1+ 39. Kf3 Rb1 40. Ke4 Re1+ 41. Kd3 Rh1 42. Re3+ Kf5 43. Re5+ Kxf4 44. Rxh5 Rd1+ 45. Kc3 Rd7 46. Rd5 Rh7 47. Rd3 Ke4 48. Kd2 Rg7 49. Re3+ Kd4 50. Rd3+ Ke4 51. Kc2 Rg2+ 52. Rd2 Rg3 53. Rh2 Rg5 54. Re2+ Kd4 55. Rd2+ Ke4 56. h4 Rh5 57. Rh2 Kf3 58. Kd3 Kg3 59. Re2 Rh7 60. h5 Rxh5 1/2-1/2

[Event "Ruhrgebiet Regionalliga 0405"]
[Site "Ruhrgebiet"]
[Date "2004.11.14"]
[Round "3.4"]
[White "Bee, Marcus"]
[Black "Walbaum, Klaus"]
[Result "1/2-1/2"]
[WhiteElo "2163"]
[BlackElo "2152"]
[PlyCount "48"]
[EventDate "2004.09.19"]
[EventType "team"]
[EventRounds "9"]
[EventCountry "GER"]
[SourceTitle "EXT 2006"]
[Source "ChessBase"]
[SourceDate "2005.11.24"]
[SourceVersion "1"]
[SourceVersionDate "2005.11.24"]
[SourceQuality "1"]
[WhiteTeam "Holsterhausen"]
[BlackTeam "Essen Ueberruhr"]
[WhiteTeamCountry "GER"]
[BlackTeamCountry "GER"]

1. Nf3 Nf6 2. c4 g6 3. g3 Bg7 4. Bg2 0-0 5. 0-0 d6 6. d4 c6 7. h3 Nbd7 8. Qc2 Rb8 9. e4 b5 10. c5 dxc5 11. dxc5 b4 12. Be3 Ba6 13. Rd1 Qa5 14. Nbd2 Be2 15. Re1 Bxf3 16. Bxf3 Rfd8 17. Nb3 Qc7 18. a4 h5 19. Bg2 e5 20. Rad1 Nf8 21. Rxd8 Rxd8 22. Rd1 Rb8 23. Qd3 Ne6 24. Rd2 Bf8 1/2-1/2